Normal view
MARC view
Entry Término temático
001 - NÚMERO DE CONTROL
- campo de control: 137293
003 - IDENTIFICADOR DEL NÚMERO DE CONTROL
- campo de control: OSt
005 - FECHA Y HORA DE LA ÚLTIMA TRANSACCIÓN
- campo de control: 20220127155823.0
008 - DATOS DE LONGITUD FIJA
- campo de control de longitud fija: 220127|| aca||aabn | a|a d
040 ## - FUENTE DE LA CATALOGACIÓN
- Centro catalogador/agencia de origen: OSt
- Centro/agencia transcriptor: OSt
150 ## - ENCABEZAMIENTO--TÉRMINO DE MATERIA
- Término de materia o nombre geográfico como elemento de entrada: Agricultura y Ganadería I. Piñeiro, Martín II. Cambio técnico en el agrolatinoamericano: situación y perspectivas en la década de 1980 (1981: C. R.) III.t
670 ## - FUENTE DE DATOS ENCONTRADOS
- Cita de la fuente: Work cat.: (OSt)163064: Trigo, Eduardo 137292, Proyecto cooperativo de investigación sobre tecnología agropecuaria en América Latina (PROTAAL) : Apéndice No. 1 y apéndice No. 2 al documento /, 1981
